| 000 | 00366 a2200169 4500 | ||
|---|---|---|---|
| 001 | 72646 | ||
| 020 | _a8570566662 | ||
| 040 | _cAnchieta - Colégio São Paulo | ||
| 100 | _aMott, Odette de Barros | ||
| 240 | 1 | 0 |
_aA 8ª série _lpor |
| 245 | 1 | 0 | _aA 8ª série |
| 300 | _a148 | ||
| 362 | 0 | _a1998 | |
| 440 | 1 | _aAtual | |
| 650 | 4 | _aLiteratura juvenil | |
| 942 | _cBK | ||
| 999 |
_c72646 _d72646 |
||